000
00214 a2200097 4500
001
8519
100
_a
Hunsaker,P.L
245
_a
The art of managing people
260
_a
_b
Simon & Schuster
_c
090
_c
6849
_d
6849
942
_a
NUST-CAE
_c
M
_c
33432
999
_c
243592
_d
243592